An Introduction to Commerce (Record no. 823)

MARC details
005 - DATE AND TIME OF LATEST TRANSACTION
control field 20250317151901.0
082 ## - DEWEY DECIMAL CLASSIFICATION NUMBER
Classification number 380 SPE
100 ## - MAIN ENTRY--PERSONAL NAME
Author name SPEED, N. C.
245 ## - TITLE STATEMENT
Title An Introduction to Commerce
260 ## - PUBLICATION, DISTRIBUTION, ETC.
Place of publication, distribution, etc. London,
Name of publisher, distributor, etc. Allman & Son,
Date of publication, distribution, etc. 1964.
300 ## - PHYSICAL DESCRIPTION
Extent 87p.: table
Dimensions 21cm.
942 ## - ADDED ENTRY ELEMENTS (KOHA)
Source of classification or shelving scheme Dewey Decimal Classification
Koha item type Books
Holdings
Date last seen Total checkouts Full call number Barcode Cost, replacement price Price effective from Koha item type Lost status Source of classification or shelving scheme Damaged status Not for loan Withdrawn status Home library Current library Shelving location Date acquired Cost, normal purchase price
03/17/2025   380 SPE 0000003240 30000.00 03/17/2025 Books   Dewey Decimal Classification       College of Business Education Main Library College of Business Education Main Library General Collection 03/17/2025 10000.00